[Event "London Classic Open 2015"]
[Site "London ENG"]
[Date "2015.12.06"]
[Round "4.32"]
[White "Kiik, Kalle"]
[Black "Player, Edmund C"]
[Result "1-0"]
[WhiteTitle "IM"]
[WhiteElo "2382"]
[BlackElo "2183"]
[WhiteFideId "4500075"]
[BlackFideId "406520"]
[EventDate "2015.12.04"]

1. c4 e5 2. Nc3 Nc6 3. g3 g6 4. Bg2 Bg7 5. e4 d6 6. Nge2 f5 7. d3 Nf6 8. Nd5 Nh5
9. Be3 O-O 10. Qd2 Be6 11. exf5 Bxf5 12. O-O Qd7 13. Rad1 Bg4 14. f3 Be6 15. d4
Rf7 16. b3 Bh3 17. g4 Bxg2 18. Kxg2 Nf6 19. Nxf6+ Rxf6 20. d5 Ne7 21. Ng3 Rff8
22. Ne4 Nc8 23. h3 a6 24. Ng5 b5 25. Ne6 Re8 26. c5 dxc5 27. Nxc5 Qf7 28. Ne6
Bf8 29. Rc1 Bd6 30. f4 e4 31. f5 Ne7 32. f6 Nxd5 33. Qxd5 Rxe6 34. Qxa8+ 1-0

[Event "London Classic Open 2015"]
[Site "London ENG"]
[Date "2015.12.06"]
[Round "4.34"]
[White "Stamos, Filippos"]
[Black "Baches Garcia, Guillermo"]
[Result "1/2-1/2"]
[BlackTitle "IM"]
[WhiteElo "2164"]
[BlackElo "2356"]
[WhiteFideId "4242807"]
[BlackFideId "2209764"]
[EventDate "2015.12.04"]

1. d4 e6 2. Nf3 c5 3. c4 cxd4 4. Nxd4 a6 5. Nc3 Qc7 6. e4 Nf6 7. a3 b6 8. Be3
Bb7 9. f3 d6 10. Be2 Be7 11. O-O O-O 12. Qd2 Nbd7 13. Rac1 Rac8 14. b4 Qb8 15.
Nb3 Bd8 16. Rfd1 Bc7 17. Bf4 Ne5 18. Bg5 Kh8 19. Bxf6 gxf6 20. f4 Nd7 21. Bh5
Rcd8 22. Rf1 Rde8 1/2-1/2

[Event "London Classic Open 2015"]
[Site "London ENG"]
[Date "2015.12.06"]
[Round "4.35"]
[White "Hill, Alistair"]
[Black "Jackson, James P"]
[Result "1-0"]
[BlackTitle "FM"]
[WhiteElo "2157"]
[BlackElo "2355"]
[WhiteFideId "432407"]
[BlackFideId "416860"]
[EventDate "2015.12.04"]

1. d4 Nf6 2. c4 c5 3. d5 e6 4. Nc3 exd5 5. cxd5 d6 6. Nf3 g6 7. Bf4 a6 8. a4 Bg7
9. h3 O-O 10. e3 Re8 11. Nd2 Nbd7 12. Be2 Ne5 13. O-O Nfd7 14. a5 f5 15. Qc2 Rb8
16. Ra3 b5 17. axb6 Qxb6 18. Rb3 Qc7 19. Ra1 Rxb3 20. Nxb3 Bb7 21. Na5 Rb8 22.
Ra2 Bc8 23. Bg3 Kh8 24. e4 fxe4 25. Nxe4 Nb6 26. Nc6 Nxd5 27. Nxb8 Nb4 28. Qa4
h6 29. Nxa6 Bxa6 30. Bxa6 d5 31. Nc3 d4 32. Qe8+ Kh7 33. Bc4 h5 34. Nd5 Nxd5 35.
Bxd5 Qd6 36. Bg8+ Kh6 37. h4 g5 38. Ra7 Qg6 39. Qxg6+ Kxg6 40. Rxg7+ 1-0

[Event "London Classic Open 2015"]
[Site "London ENG"]
[Date "2015.12.06"]
[Round "4.36"]
[White "Englert, Fabian"]
[Black "Haribalu, V."]
[Result "1/2-1/2"]
[WhiteTitle "FM"]
[WhiteElo "2350"]
[BlackElo "2174"]
[WhiteFideId "24614467"]
[BlackFideId "5015189"]
[EventDate "2015.12.04"]

1. Nf3 d5 2. c4 c6 3. e3 Nf6 4. Nc3 dxc4 5. Bxc4 b5 6. Be2 b4 7. Na4 Ba6 8. O-O
e6 9. b3 Be7 10. Bb2 O-O 11. Rc1 Bb5 12. Ne5 Nfd7 13. Bxb5 cxb5 14. Qf3 Na6 15.
Qb7 Nxe5 16. Bxe5 bxa4 17. Qxa6 axb3 18. axb3 Qd5 19. d4 f6 20. Bg3 Qxb3 21. Rc7
Rfe8 22. Qb7 Bf8 23. e4 a5 24. Bd6 Rab8 25. Qc6 Bxd6 26. Qxd6 Rbd8 27. Qb6 Kh8
28. Qxa5 Qd3 29. Qxb4 Qxe4 30. Re7 Rxe7 31. Qxe7 Qxd4 32. Qxe6 h6 33. g3 Ra8 34.
Kg2 Ra1 35. Qc8+ Kh7 36. Qc2+ Kh8 37. Rxa1 Qxa1 38. Qc8+ Kh7 39. Qf5+ Kg8 40.
Kh3 Qf1+ 41. Kh4 Qc4+ 42. f4 Qe2 43. Qc8+ 1/2-1/2

[Event "London Classic Open 2015"]
[Site "London ENG"]
[Date "2015.12.06"]
[Round "4.37"]
[White "Bates, Caspar J"]
[Black "Vuilleumier, Alexandre"]
[Result "0-1"]
[BlackTitle "IM"]
[WhiteElo "2154"]
[BlackElo "2342"]
[WhiteFideId "414760"]
[BlackFideId "1305662"]
[EventDate "2015.12.04"]

1. Nf3 Nf6 2. c4 e6 3. e3 c5 4. b3 Be7 5. Bb2 O-O 6. d4 cxd4 7. exd4 d5 8. Bd3
Nc6 9. Nbd2 b6 10. O-O Bb7 11. Re1 Rc8 12. Rc1 Re8 13. a3 dxc4 14. bxc4 Bf8 15.
Bb1 g6 16. Ba2 Bg7 17. Qe2 Nh5 18. Qe3 Ne7 19. g4 Nf6 20. h3 a6 21. Ne5 Nc6 22.
Ndf3 Nxe5 23. Nxe5 Nd7 24. c5 Bxe5 25. dxe5 Nxc5 26. Rcd1 Qh4 27. Rd6 h5 28.
Rxb6 hxg4 29. Bd4 Bf3 30. Qf4 Nd3 0-1

[Event "London Classic Open 2015"]
[Site "London ENG"]
[Date "2015.12.06"]
[Round "4.38"]
[White "Nguyen, Piotr"]
[Black "Obioma Onuoha"]
[Result "1-0"]
[WhiteElo "2329"]
[BlackElo "2165"]
[WhiteFideId "1127993"]
[BlackFideId "8505837"]
[EventDate "2015.12.04"]

1. d4 d5 2. Bf4 c6 3. e3 e6 4. Nf3 f5 5. c4 Bb4+ 6. Nc3 Nf6 7. Qb3 Qa5 8. a3 Be7
9. h3 Ne4 10. g4 fxg4 11. hxg4 Nd7 12. Bd3 Nxc3 13. bxc3 Nf8 14. Kd2 dxc4 15.
Bxc4 Rg8 16. a4 Qd8 17. a5 h6 18. Rh5 Bd6 19. Bxd6 Qxd6 20. g5 hxg5 21. Rxg5 Qc7
22. Rag1 Bd7 23. Rxg7 Rxg7 24. Rxg7 O-O-O 25. Ne5 Qxa5 26. Nxd7 Nxd7 27. Bxe6
Kc7 28. Bxd7 Rxd7 29. Rxd7+ Kxd7 30. Qxb7+ Kd8 31. Qxc6 Qa2+ 32. Kd3 a5 33. e4
Qxf2 34. Qd5+ Ke7 35. Qe5+ Kd8 36. Qxa5+ Ke7 37. Qe5+ Kd8 38. Qf5 Qb2 39. Qa5+
Kd7 40. e5 Qb1+ 41. Kc4 Qf1+ 42. Kb4 Qe1 43. Kc5 Qd2 44. Qa7+ Ke6 45. c4 Qc2 46.
Qb6+ Kf7 47. Qf6+ Ke8 48. Qe6+ Kf8 49. Kd6 Qc3 50. Qc8+ Kg7 51. d5 Qb4+ 52. c5
Kf7 53. e6+ Kg7 54. Qc7+ Kg8 55. Qf7+ Kh8 56. Qf8+ Kh7 57. e7 Qh4 58. Qh8+ Kxh8
59. e8=Q+ Kg7 60. Qe7+ 1-0

[Event "London Classic Open 2015"]
[Site "London ENG"]
[Date "2015.12.06"]
[Round "4.39"]
[White "Buchicchio, Giampaolo"]
[Black "Jones, Steven A"]
[Result "1/2-1/2"]
[WhiteTitle "FM"]
[WhiteElo "2313"]
[BlackElo "2160"]
[WhiteFideId "811491"]
[BlackFideId "419630"]
[EventDate "2015.12.04"]

1. e4 c5 2. c3 d5 3. exd5 Qxd5 4. d4 Nc6 5. Nf3 cxd4 6. cxd4 e5 7. Nc3 Bb4 8.
Be2 Nxd4 9. Bd2 Bxc3 10. Bxc3 Nxf3+ 11. Bxf3 Qxd1+ 12. Rxd1 f6 13. Ba5 Be6 14.
Rc1 Rc8 15. O-O b6 16. Rxc8+ Bxc8 17. Rc1 Ne7 18. Bb4 a5 19. Ba3 Bd7 20. Rc7 Kd8
21. Rb7 Nc8 22. Bd5 Re8 23. f3 f5 24. b4 Nd6 25. Rxb6 Nb5 26. Bb2 axb4 27. Bc4
Na3 28. Bb3 Nb5 29. Bc4 Na3 30. Bb3 Nb5 31. Ba4 Nc7 32. Rb8+ Ke7 33. Rxb4 Bxa4
34. Rxa4 Kd6 35. f4 exf4 36. Bxg7 Nd5 37. Ra6+ Kc5 38. Kf2 Nb4 39. Ra3 Nd5 40.
h3 Kc4 41. Ra4+ Kb5 42. Rd4 Kc5 43. Rd2 Kc4 44. Rd4+ Kc5 45. Rd2 Kc4 46. Bb2 Nb4
47. Rd4+ Kc5 48. Rd2 Kc4 49. Rd4+ Kc5 50. a3 Nd5 51. Rd2 Rg8 52. Be5 Rg3 53.
Rc2+ Kb5 54. Bd4 Ka4 55. Rc5 Ne7 56. Rc7 Ng6 57. Ra7+ Kb5 58. a4+ Kc4 59. Bf6
Ra3 60. a5 Ra2+ 61. Kf1 Kd5 62. Bc3 Nh4 63. Rd7+ Kc4 64. Rd2 Ra3 65. Bf6 Ng6 66.
Rd4+ Kc5 67. Rd7 Rxa5 68. Rxh7 Kd5 69. h4 Ne5 70. Bxe5 Kxe5 71. Rb7 Ra6 72. Rb3
Ke4 73. Rb4+ Ke5 74. Rb3 Ra1+ 75. Kf2 Rh1 76. Rb5+ Ke4 77. Rb4+ Ke5 78. Rb5+ Ke4
79. Rb4+ Ke5 80. Kf3 Rf1+ 81. Ke2 Rh1 82. Rb5+ Ke4 83. Rb4+ Ke5 84. Rb5+ 1/2-1/2

[Event "London Classic Open 2015"]
[Site "London ENG"]
[Date "2015.12.06"]
[Round "4.40"]
[White "Lam, Daniel King-wai"]
[Black "Liu, Yi"]
[Result "1-0"]
[BlackTitle "FM"]
[WhiteElo "2147"]
[BlackElo "2306"]
[WhiteFideId "6001238"]
[BlackFideId "3210588"]
[EventDate "2015.12.04"]

1. d4 d5 2. c4 c6 3. Nf3 Nf6 4. Nc3 e6 5. Bg5 dxc4 6. e4 b5 7. e5 h6 8. Bh4 g5
9. Nxg5 hxg5 10. Bxg5 Nbd7 11. exf6 Bb7 12. g3 c5 13. d5 Qb6 14. Bg2 O-O-O 15.
O-O b4 16. Na4 Qa6 17. a3 Bxd5 18. Bxd5 Ne5 19. axb4 Rxd5 20. Qe2 cxb4 21. Nc3
Ra5 22. Rxa5 Qxa5 23. Ne4 Nd3 24. b3 Qe5 25. bxc4 Nc5 26. Re1 Nxe4 27. Qxe4 Qxe4
28. Rxe4 a5 29. Re5 a4 30. Ra5 b3 31. Bc1 Bh6 32. Bb2 Rd8 33. Ra8+ Kd7 34. Rxa4
Kc6 35. Rb4 Rd1+ 36. Kg2 Rb1 37. Rxb3 Bc1 38. Bxc1 Rxb3 39. Be3 Kd6 40. g4 Ke5
41. g5 Kf5 42. Kf3 Rb4 43. c5 Re4 44. Ke2 Rh4 45. Kd3 e5 46. Kc3 Ke6 47. h3 Kd7
48. g6 Rh8 49. g7 Rc8 50. Kc4 Ke6 51. Bg5 e4 52. Kd4 Kf5 53. h4 Rd8+ 54. Kc4 1-0

[Event "London Classic Open 2015"]
[Site "London ENG"]
[Date "2015.12.06"]
[Round "4.41"]
[White "Richardson, John R"]
[Black "Kalaiyalahan, Akshaya"]
[Result "1-0"]
[WhiteTitle "FM"]
[WhiteElo "2302"]
[BlackElo "2157"]
[WhiteFideId "401617"]
[BlackFideId "422894"]
[EventDate "2015.12.04"]

1. Nf3 d5 2. d4 Nf6 3. e3 c6 4. c4 Bf5 5. Nc3 e6 6. Nh4 Bg6 7. Nxg6 hxg6 8. Bd3
Nbd7 9. Qc2 Be7 10. Bd2 Rc8 11. c5 e5 12. b4 Qc7 13. h3 e4 14. Be2 g5 15. b5
cxb5 16. Nxb5 Qb8 17. Rb1 O-O 18. Qa4 b6 19. Nxa7 Qa8 20. cxb6 Rb8 21. Qa6 Nxb6
22. Rxb6 Rxb6 23. Qxb6 Rb8 24. Qa5 Bd8 25. Qa3 Rb1+ 26. Bd1 Qb7 27. Qa4 Rb6 28.
Be2 Rb1+ 29. Bd1 Rb6 30. Bb3 Ra6 31. Qb5 Qxa7 32. O-O g4 33. Rc1 Rb6 34. Qc5
gxh3 35. Ba5 h2+ 36. Kh1 Ng4 37. Bxb6 Nxf2+ 38. Kxh2 Bxb6 39. Qc8+ Kh7 40. Qf5+ 1-0

[Event "London Classic Open 2015"]
[Site "London ENG"]
[Date "2015.12.06"]
[Round "4.42"]
[White "Vanheirzeele, Daniel"]
[Black "Paterek, Michal"]
[Result "1/2-1/2"]
[BlackTitle "FM"]
[WhiteElo "2138"]
[BlackElo "2293"]
[WhiteFideId "200425"]
[BlackFideId "1116142"]
[EventDate "2015.12.04"]

1. d4 d5 2. c4 c6 3. Nf3 Nf6 4. Nc3 a6 5. a4 e6 6. g3 Bb4 7. Bg2 Ne4 8. Bd2 Nxd2
9. Nxd2 O-O 10. O-O Nd7 11. Qb3 a5 12. Rfd1 Qe7 13. Rac1 Rb8 14. Na2 Bxd2 1/2-1/2

[Event "London Classic Open 2015"]
[Site "London ENG"]
[Date "2015.12.06"]
[Round "4.43"]
[White "Cederstam Barsk, Carl"]
[Black "Giannatos, Peter"]
[Result "1-0"]
[WhiteTitle "FM"]
[WhiteElo "2291"]
[BlackElo "2149"]
[WhiteFideId "1713329"]
[BlackFideId "2041650"]
[EventDate "2015.12.04"]

1. d4 e6 2. c4 d5 3. Nc3 Be7 4. Nf3 Nf6 5. Bf4 O-O 6. a3 b6 7. e3 Bb7 8. Qc2 c5
9. dxc5 bxc5 10. Rd1 Qa5 11. Be2 Nc6 12. O-O Rfd8 13. cxd5 exd5 14. Qb3 Rd7 15.
Nxd5 Nxd5 16. Rxd5 Nd4 17. Rxd7 Nxb3 18. Rxb7 Nd2 19. Rxe7 Nxf1 20. Kxf1 Qd8 21.
Rc7 Rc8 22. Rxc8 Qxc8 23. Be5 Qf5 24. Bc3 f6 25. Nd2 Qc2 26. g3 Kf8 27. Kg2 Qf5
28. Bf3 Qe6 29. Ne4 Qc4 30. Nxc5 Kg8 31. Bd4 Kh8 32. h4 Qf7 33. h5 h6 34. Nd3
Qd7 35. Nf4 Kg8 36. Bd5+ Kh7 37. b3 Qe7 38. a4 Qd7 39. Bc5 Qc7 40. Bd4 Qd7 41.
a5 a6 42. b4 Qb5 43. Bc5 Qd7 44. e4 Qc7 45. Kh2 Qd7 46. Bc4 Qc8 47. Bd3 Kg8 48.
Bb6 Qb7 49. b5 axb5 50. Bxb5 1-0

[Event "London Classic Open 2015"]
[Site "London ENG"]
[Date "2015.12.06"]
[Round "4.44"]
[White "Falkowski, Dawid"]
[Black "Chen, Pengyu"]
[Result "0-1"]
[BlackTitle "FM"]
[WhiteElo "1998"]
[BlackElo "2289"]
[WhiteFideId "1139142"]
[BlackFideId "3212092"]
[EventDate "2015.12.04"]

1. e4 e5 2. Nc3 Nf6 3. Bc4 Nc6 4. d3 Na5 5. Nf3 Nxc4 6. dxc4 Bb4 7. Bd2 O-O 8.
Qe2 d6 9. O-O-O Qe7 10. Nd5 Nxd5 11. cxd5 Bxd2+ 12. Nxd2 f5 13. f3 Bd7 14. Nf1
fxe4 15. fxe4 Qg5+ 16. Qd2 Qxd2+ 17. Rxd2 Rf4 18. Ng3 Raf8 19. Rg1 g6 20. Rdd1
h5 21. Rde1 Bb5 22. Kd2 Rf2+ 23. Kd1 Kf7 24. Nh1 Rf4 25. Kd2 Ke7 26. Ke3 c6 27.
Rd1 cxd5 28. exd5 Rc8 29. Rd2 Rc5 30. Rgd1 Ra4 31. a3 Rac4 32. Rc1 Ba4 33. b3
Bxb3 34. Rb1 Rc3+ 35. Kf2 0-1

[Event "London Classic Open 2015"]
[Site "London ENG"]
[Date "2015.12.06"]
[Round "4.45"]
[White "Haugli, Petter"]
[Black "Van De Perre, Tom"]
[Result "1/2-1/2"]
[WhiteTitle "IM"]
[WhiteElo "2260"]
[BlackElo "2042"]
[WhiteFideId "1500104"]
[BlackFideId "209040"]
[EventDate "2015.12.04"]

1. c4 e5 2. Nc3 Nc6 3. Nf3 Nf6 4. d4 exd4 5. Nxd4 Bb4 6. Nxc6 Bxc3+ 7. bxc3 bxc6
8. g3 O-O 9. Bg2 Re8 10. O-O Ba6 11. Qa4 Qc8 12. Re1 Ne4 13. Be3 Nd6 14. c5 Nf5
15. Bf4 Bb5 16. Qc2 Ne7 17. c4 Ba6 18. Rad1 Ng6 19. Bh3 Re7 20. Rd4 Nf8 21. Red1
Rb8 22. Be3 Qe8 23. R1d3 Re4 24. Ra3 Rxd4 25. Bxd4 Qc8 26. Rb3 Ne6 27. Qb2 Rxb3
28. axb3 Qf8 29. Be3 Qb8 30. Qa3 Qb7 31. f4 f6 32. Kf2 Kf7 33. Bf5 g6 34. Bd3 f5
35. h3 h5 36. Qa1 Qc8 37. b4 Bb7 38. Qxa7 Qa8 39. Qxa8 Bxa8 40. Bd2 Bb7 41. e4
fxe4 42. Bxe4 Ba6 43. Bd3 Bc8 44. Ke3 Ng7 45. g4 hxg4 46. hxg4 d6 47. cxd6 cxd6
48. Be2 Ne6 49. Bf3 Bd7 50. Kd3 Nc7 51. Be3 Ke7 52. Bb6 Ne8 53. Bd4 Nc7 54. Ke3
Ke6 55. Bb6 Ne8 56. Bd8 Kf7 57. Be4 Ng7 58. Bc7 Ne8 59. Bb8 Nf6 60. Bxd6 Nxe4
61. Kxe4 Bxg4 62. Kd4 Ke6 63. Kc5 Bf3 64. Bb8 Kf5 65. b5 1/2-1/2

[Event "London Classic Open 2015"]
[Site "London ENG"]
[Date "2015.12.06"]
[Round "4.46"]
[White "Ditmas, Hugh"]
[Black "Stachanczyk, Jacek"]
[Result "0-1"]
[BlackTitle "IM"]
[WhiteElo "1941"]
[BlackElo "2258"]
[WhiteFideId "1270666"]
[BlackFideId "1116657"]
[EventDate "2015.12.04"]

1. d4 d5 2. c4 c6 3. Nf3 Nf6 4. Nc3 dxc4 5. a4 Bf5 6. Ne5 Nbd7 7. Nxc4 Nb6 8.
Ne5 a5 9. f3 Nfd7 10. Nxd7 Nxd7 11. e4 Bg6 12. Be3 Qb6 13. Qd2 e5 14. Be2 exd4
15. Bxd4 Bc5 16. O-O-O O-O-O 17. Qe3 f5 18. Bc4 Rhe8 19. Bxc5 Nxc5 20. Rxd8+
Rxd8 21. Kc2 fxe4 22. fxe4 Re8 23. Rf1 Qb4 24. b3 Nxe4 25. Nxe4 Rxe4 26. Qh3+
Kb8 27. Kc1 Re1+ 28. Rxe1 Qxe1+ 29. Kb2 Qd2+ 0-1

[Event "London Classic Open 2015"]
[Site "London ENG"]
[Date "2015.12.06"]
[Round "4.47"]
[White "Roe, Simon J"]
[Black "Rocco, Federico"]
[Result "1-0"]
[WhiteElo "2254"]
[BlackElo "1855"]
[WhiteFideId "401471"]
[BlackFideId "431362"]
[EventDate "2015.12.04"]

1. Nf3 Nf6 2. c4 g6 3. g3 Bg7 4. Bg2 O-O 5. O-O d6 6. d4 Nc6 7. Nc3 a6 8. d5 Na5
9. Nd2 c5 10. Qc2 Rb8 11. b3 b5 12. Bb2 Bh6 13. Ncb1 e6 14. e4 exd5 15. cxd5 Re8
16. a3 Bg7 17. b4 Nc4 18. Nxc4 bxc4 19. Bc3 cxb4 20. axb4 Qc7 21. Nd2 Rb6 22.
Rfc1 Rb8 23. Qb2 Nh5 24. Bxg7 Nxg7 25. Nxc4 f5 26. Na5 Qb6 27. Nc6 Rb7 28. e5
dxe5 29. d6 Kf8 30. Ne7 Rb8 31. Nxc8 Rbxc8 32. d7 Rxc1+ 33. Rxc1 Rd8 34. Qxe5
Rxd7 35. Rc8+ Rd8 36. Rc7 Qd4 37. Qe7+ Kg8 38. Bd5+ 1-0

[Event "London Classic Open 2015"]
[Site "London ENG"]
[Date "2015.12.06"]
[Round "4.48"]
[White "Gross, Willi"]
[Black "Galyas, Miklos"]
[Result "1/2-1/2"]
[BlackTitle "IM"]
[WhiteElo "2095"]
[BlackElo "2465"]
[WhiteFideId "1270470"]
[BlackFideId "707244"]
[EventDate "2015.12.04"]

1. d4 d6 2. e4 Nf6 3. Nc3 c6 4. f4 Qa5 5. Bd3 e5 6. Nf3 exd4 7. Nxd4 g6 8. Nb3
Qc7 9. Qe2 Bg7 10. Bd2 O-O 11. O-O Nbd7 12. Qf3 a6 13. a4 b6 14. Ne2 Bb7 15. c4
c5 16. Nc3 Rae8 17. Rae1 Bc6 18. a5 b5 19. cxb5 axb5 20. Bxb5 Bxb5 21. Nxb5 Qb8
22. Nxd6 Qxd6 23. e5 Qb8 24. exf6 Nxf6 25. Nxc5 Qxb2 26. Bc3 Qa3 27. Nb7 Qa4 28.
Ra1 Qb5 29. a6 Ra8 30. Rfb1 Qf5 31. h3 Rxa6 32. Rxa6 Qxb1+ 33. Kh2 Ne4 34. Bxg7
Kxg7 35. Nd6 Nxd6 36. Rxd6 Rc8 37. Qd3 1/2-1/2

[Event "London Classic Open 2015"]
[Site "London ENG"]
[Date "2015.12.06"]
[Round "4.49"]
[White "Wells, Peter K"]
[Black "Moran, Stephen"]
[Result "1-0"]
[WhiteTitle "GM"]
[WhiteElo "2442"]
[BlackElo "2127"]
[WhiteFideId "400327"]
[BlackFideId "2501872"]
[EventDate "2015.12.04"]

1. Nf3 Nf6 2. c4 g6 3. Nc3 d5 4. cxd5 Nxd5 5. h4 Nxc3 6. bxc3 Bg7 7. h5 c5 8.
Qa4+ Qd7 9. Qh4 Bf6 10. Qf4 Qg4 11. d4 Nc6 12. e4 cxd4 13. e5 Qxf4 14. Bxf4 g5
15. exf6 gxf4 16. cxd4 Bg4 17. Ne5 Nxe5 18. dxe5 O-O-O 19. Rh4 Be6 20. fxe7 Rd5
21. Rxf4 Rxe5+ 22. Be2 Re8 23. Rc1+ Kd7 24. Rb4 Kxe7 25. f4 Ra5 26. a4 Kf6 27.
Kf2 Bd5 28. Bf3 Bxf3 29. Kxf3 Re7 30. g4 Rd5 31. g5+ Kf5 32. Rb5 Rxb5 33. axb5
b6 34. Rc6 Re6 35. Rc7 f6 36. Rxh7 Re4 37. g6 Rxf4+ 38. Ke3 Re4+ 39. Kd3 Rg4 40.
g7 Ke6 41. h6 1-0

[Event "London Classic Open 2015"]
[Site "London ENG"]
[Date "2015.12.06"]
[Round "4.50"]
[White "Compton, Alistair"]
[Black "Beinoras, Mindaugas"]
[Result "0-1"]
[BlackTitle "IM"]
[WhiteElo "2061"]
[BlackElo "2344"]
[WhiteFideId "4300645"]
[BlackFideId "12802085"]
[EventDate "2015.12.04"]

1. e4 d6 2. d4 Nf6 3. Nc3 e5 4. dxe5 dxe5 5. Qxd8+ Kxd8 6. Bc4 Be6 7. Bxe6 fxe6
8. Nf3 Bd6 9. O-O Nc6 10. Re1 Ke7 11. Nb5 a6 12. Nxd6 cxd6 13. Bd2 Rac8 14. c4
Nd4 15. Nxd4 exd4 16. Rac1 e5 17. Bg5 Rc5 18. b3 Rhc8 19. f3 h6 20. Bd2 Nd7 21.
Kf1 R5c6 22. Ke2 Nc5 23. Bb4 Ne6 24. Bd2 Kd7 25. Rf1 b5 26. cxb5 axb5 27. Rxc6
Rxc6 28. a4 bxa4 29. bxa4 Rc2 30. g3 Nc5 31. Rb1 Nxa4 32. Rb7+ Rc7 33. Rxc7+
Kxc7 34. f4 Nc5 35. Kf3 d5 36. fxe5 dxe4+ 37. Ke2 Kc6 38. Bb4 Kd5 39. Kd2 h5 0-1

[Event "London Classic Open 2015"]
[Site "London ENG"]
[Date "2015.12.06"]
[Round "4.51"]
[White "Papp, Petra"]
[Black "Hebbes, Tim"]
[Result "1-0"]
[WhiteTitle "WGM"]
[WhiteElo "2336"]
[BlackElo "2112"]
[WhiteFideId "739049"]
[BlackFideId "406570"]
[EventDate "2015.12.04"]

1. e4 e6 2. d4 d5 3. Nc3 Nf6 4. e5 Nfd7 5. f4 c5 6. Nf3 Nc6 7. Be3 Be7 8. Qd2 a6
9. dxc5 Nxc5 10. O-O-O O-O 11. Qf2 b6 12. f5 Qc7 13. f6 Bd8 14. Qg3 g6 15. Qg5
Nd7 16. Bf4 Kh8 17. Qh6 Rg8 18. Rd3 Nf8 19. Kb1 Nb4 20. Re3 d4 21. Nxd4 Bb7 22.
a3 Nd5 23. Nxd5 Bxd5 24. Bd3 b5 25. Rhe1 Qa7 26. Nf3 Bb6 27. Ng5 Bxe3 28. Bxe3
Qc7 29. Bc5 1-0

[Event "London Classic Open 2015"]
[Site "London ENG"]
[Date "2015.12.06"]
[Round "4.52"]
[White "Riedener, Toni"]
[Black "Bates, Richard A"]
[Result "1/2-1/2"]
[BlackTitle "IM"]
[WhiteElo "2005"]
[BlackElo "2331"]
[WhiteFideId "1302698"]
[BlackFideId "403555"]
[EventDate "2015.12.04"]

1. d4 Nf6 2. c4 g6 3. Nc3 Bg7 4. e4 d6 5. Be2 O-O 6. Bg5 Na6 7. Qd2 c6 8. f3 e5
9. d5 h6 10. Be3 cxd5 11. cxd5 Nh5 12. g3 Kh7 13. Bd3 Nc5 14. Bc2 a6 15. b4 Nd7
16. a4 Nb6 17. Bb3 f5 18. exf5 gxf5 19. Nge2 Bd7 20. a5 Nc8 21. O-O Nf6 22. Bc2
Ne7 23. g4 Rc8 24. Rac1 Qe8 25. Kh1 Qf7 26. Rg1 Nfxd5 27. Bb3 Bc6 28. Rgf1 fxg4
29. Kg1 gxf3 30. Ng3 Nxe3 31. Bxf7 Nxf1 32. Qd3+ Kh8 33. Rxf1 Rxf7 34. Qxd6 Nf5
35. Nxf5 Rxf5 36. Nd5 Rcf8 37. Kf2 e4 38. Ne7 e3+ 39. Kxe3 Re5+ 40. Qxe5 Bxe5
41. Ng6+ Kg7 42. Nxe5 Re8 1/2-1/2

[Event "London Classic Open 2015"]
[Site "London ENG"]
[Date "2015.12.06"]
[Round "4.53"]
[White "Radovanovic, Jovica"]
[Black "Peiris, T G M"]
[Result "1/2-1/2"]
[WhiteTitle "FM"]
[WhiteElo "2321"]
[BlackElo "2099"]
[WhiteFideId "915912"]
[BlackFideId "9901310"]
[EventDate "2015.12.04"]

1. d4 Nf6 2. Nf3 e6 3. g3 b5 4. Bg2 Bb7 5. O-O c5 6. Bg5 Be7 7. dxc5 Bxc5 8. Qd3
a6 9. Nbd2 d5 10. e4 dxe4 11. Qxd8+ Kxd8 12. Ne5 Ke8 13. Rad1 Bd4 14. Ndc4 Bxe5
15. Nxe5 h5 16. Rd4 Nc6 17. Nxc6 Bxc6 18. Rfd1 Ke7 19. Bxe4 Bxe4 20. Rxe4 Rhd8
21. Red4 Rxd4 22. Rxd4 Rc8 23. c3 Rc5 24. h4 e5 25. Bxf6+ gxf6 26. Rd2 Rc4 27.
Kg2 f5 28. Kf3 f4 29. Rd5 f6 30. g4 Ke6 31. Rd8 hxg4+ 32. Kxg4 f3+ 33. Kg3 Rf4
34. Ra8 Kf5 35. Rxa6 Ke4 36. h5 Rf5 37. Kh4 Rg5 38. Rxf6 Rg2 39. h6 Rxf2 40. Kh3
Rf1 41. Kh2 Rf2+ 42. Kh3 Rf1 43. Kh2 Rf2+ 44. Kh1 1/2-1/2

[Event "London Classic Open 2015"]
[Site "London ENG"]
[Date "2015.12.06"]
[Round "4.54"]
[White "Watson, John L"]
[Black "Rogers, Tim L"]
[Result "1/2-1/2"]
[WhiteTitle "IM"]
[WhiteElo "2277"]
[BlackElo "2075"]
[WhiteFideId "2000768"]
[BlackFideId "418137"]
[EventDate "2015.12.04"]

1. d4 d5 2. Nf3 Nf6 3. Bf4 c5 4. e3 cxd4 5. exd4 Nc6 6. Bd3 Bg4 7. c3 e6 8. Qb3
Qc8 9. Nbd2 Be7 10. O-O O-O 11. Qc2 Bh5 12. Ne5 b5 13. Rfe1 Qb7 14. Bg5 Bg6 15.
Nxg6 hxg6 16. Nf3 Rfc8 17. Qe2 a6 18. a3 Kf8 19. Rad1 Nd7 20. Bxg6 Bxg5 21. Nxg5
fxg6 22. Qxe6 Nf6 23. Qh3 Kg8 24. Qe6+ Kf8 25. Qh3 Kg8 26. Qe6+ 1/2-1/2

[Event "London Classic Open 2015"]
[Site "London ENG"]
[Date "2015.12.06"]
[Round "4.55"]
[White "Merriman, John"]
[Black "Gupta, Arul"]
[Result "1-0"]
[WhiteElo "2253"]
[BlackElo "2063"]
[WhiteFideId "402362"]
[BlackFideId "422622"]
[EventDate "2015.12.04"]

1. d4 Nf6 2. c4 e6 3. Nc3 Bb4 4. e3 O-O 5. Ne2 d5 6. a3 Bd6 7. c5 Be7 8. b4 b6
9. Nf4 c6 10. Nd3 a5 11. Rb1 Ba6 12. Be2 Nbd7 13. f4 Qc7 14. O-O Rfb8 15. Bd2
axb4 16. axb4 bxc5 17. bxc5 Rxb1 18. Qxb1 Ne4 19. Nxe4 dxe4 20. Nc1 f5 21. Qa2
Kf7 22. Bxa6 Nb8 23. Ba5 Qa7 24. Bc8 Qxa5 25. Qxe6+ Kf8 26. Qxf5+ Bf6 27. Qxe4
Qc7 28. Bg4 Qe7 29. Qxe7+ Kxe7 30. Ne2 Ra4 31. Rb1 Na6 32. Rb7+ Kd8 33. Kf2 Nc7
34. Rb8+ Ke7 35. Rb6 Ra6 36. Bf3 Rxb6 37. cxb6 Na6 38. Bxc6 Kd6 39. Bf3 Bd8 40.
b7 Bb6 41. e4 Kc7 42. e5 h6 43. Ke3 Nb4 44. Be4 Ba7 45. Nc3 1-0